<?xml version="1.0" encoding="UTF-8"?><?xml-stylesheet type="text/xsl" href="static/style.xsl"?><OAI-PMH xmlns="http://www.openarchives.org/OAI/2.0/" xmlns:xsi="http://www.w3.org/2001/XMLSchema-instance" xsi:schemaLocation="http://www.openarchives.org/OAI/2.0/ http://www.openarchives.org/OAI/2.0/OAI-PMH.xsd"><responseDate>2026-04-14T03:54:18Z</responseDate><request verb="GetRecord" identifier="oai:www.recercat.cat:2117/19820" metadataPrefix="marc">https://recercat.cat/oai/request</request><GetRecord><record><header><identifier>oai:recercat.cat:2117/19820</identifier><datestamp>2025-07-17T12:44:31Z</datestamp><setSpec>com_2072_1033</setSpec><setSpec>col_2072_452950</setSpec></header><metadata><record xmlns="http://www.loc.gov/MARC21/slim" xmlns:dcterms="http://purl.org/dc/terms/" xmlns:xsi="http://www.w3.org/2001/XMLSchema-instance" xmlns:doc="http://www.lyncode.com/xoai" xsi:schemaLocation="http://www.loc.gov/MARC21/slim http://www.loc.gov/standards/marcxml/schema/MARC21slim.xsd">
   <leader>00925njm 22002777a 4500</leader>
   <datafield ind2=" " ind1=" " tag="042">
      <subfield code="a">dc</subfield>
   </datafield>
   <datafield ind2=" " ind1=" " tag="720">
      <subfield code="a">Abanco Martínez de Arenzana, Claudia</subfield>
      <subfield code="e">author</subfield>
   </datafield>
   <datafield ind2=" " ind1=" " tag="720">
      <subfield code="a">Hurlimann Ziegler, Marcel</subfield>
      <subfield code="e">author</subfield>
   </datafield>
   <datafield ind2=" " ind1=" " tag="260">
      <subfield code="c">2013</subfield>
   </datafield>
   <datafield ind2=" " ind1=" " tag="520">
      <subfield code="a">La erosión del lecho es un proceso común de las corrientes de derrubios, y aumenta&#xd;
considerablemente el volumen de éstas. En este estudio se analizan datos&#xd;
geomorfológicos y topográficos obtenidos de 17 torrentes donde se han producido&#xd;
corrientes de derrubios. Sobre la base de datos se aplicaron dos técnicas de minería de&#xd;
datos: regresión lineal múltiple y árbol de decisión, con la intención de desarrollar un&#xd;
modelo para predecir las tasas de erosión. Los modelos obtenidos mediante las dos&#xd;
técnicas fueron validados e implementados en grupos de datos independientes con la&#xd;
finalidad de evaluar su efectividad. El modelo del árbol de decisión mostró más ventajas&#xd;
que la regresión lineal múltiple. Finalmente se propuso un modelo, basado en el árbol de&#xd;
decisión, para estimar la tasa de erosión, que incluye tres factores condicionantes: la&#xd;
disponibilidad de sedimento, el pendiente del lecho y la forma de la sección transversal.</subfield>
   </datafield>
   <datafield ind2=" " ind1=" " tag="520">
      <subfield code="a">Peer Reviewed</subfield>
   </datafield>
   <datafield ind2=" " ind1=" " tag="520">
      <subfield code="a">Postprint (published version)</subfield>
   </datafield>
   <datafield tag="653" ind2=" " ind1=" ">
      <subfield code="a">Àrees temàtiques de la UPC::Enginyeria civil::Geotècnia::Mecànica de sòls</subfield>
   </datafield>
   <datafield tag="653" ind2=" " ind1=" ">
      <subfield code="a">Soil mechanics</subfield>
   </datafield>
   <datafield tag="653" ind2=" " ind1=" ">
      <subfield code="a">Mecànica dels sòls</subfield>
   </datafield>
   <datafield ind2="0" ind1="0" tag="245">
      <subfield code="a">Estimación de la erosión producida por las corrientes de derrubios mediante técnicas de minería de datos con datos de campo y topográficos</subfield>
   </datafield>
</record></metadata></record></GetRecord></OAI-PMH>